书目信息 |
| 题名: |
2009中国最佳散文
|
|
| 作者: | 王必胜 , 潘凯雄 主编 | |
| 分册: | ||
| 出版信息: | 沈阳 辽宁人民出版社 2010.01 |
|
| 页数: | 318页 | |
| 开本: | 24cm | |
| 丛书名: | 太阳鸟文学年选 | |
| 单 册: | ||
| 中图分类: | I267 | |
| 科图分类: | ||
| 主题词: | 散文--san wen--中国--当代--作品集 | |
| 电子资源: | ||
| ISBN: | 978-7-205-06688-8 | |
| 000 | 01030nam 2200277 450 | |
| 001 | 012010145629 | |
| 005 | 20100419082058.78 | |
| 010 | @a978-7-205-06688-8@dCNY35.00 | |
| 100 | @a20100413d2010 em y0chiy0120 ea | |
| 101 | 0 | @achi |
| 102 | @aCN@b210000 | |
| 105 | @ay z 000cy | |
| 106 | @ar | |
| 200 | 1 | @a2009中国最佳散文@A2009 zhong guo zui jia san wen@f王必胜, 潘凯雄主编@Ffen juan zhu bian wang bi sheng,pan kai xiong |
| 210 | @a沈阳@c辽宁人民出版社@d2010.01 | |
| 215 | @a318页@d24cm | |
| 225 | 2 | @a太阳鸟文学年选@Atai yang niao wen xue nian xuan |
| 330 | @a本书主要内容包括散文带给我们的、国庆观礼记、大地的语言、江苏读本、八百米的故乡、一桥横卧、坐拥千万、被虚拟的行程、火车开进野三关、竹思等。 | |
| 410 | 0 | @12001 @a太阳鸟文学年选 |
| 517 | 1 | @a中国最佳散文@Azhong guo zui jia san wen |
| 606 | 0 | @a散文@Asan wen@y中国@z当代@j作品集 |
| 690 | @aI267@v4 | |
| 701 | 0 | @a王必胜@Awang bi sheng@4主编 |
| 701 | 0 | @a潘凯雄@Apan kai xiong@4主编 |
| 801 | 0 | @aCN@bQSSK@c20100419 |
| 905 | @b778047-49@dI267@eW116@f3 | |
| 2009中国最佳散文/王必胜, 潘凯雄主编.-沈阳:辽宁人民出版社,2010.01 |
| 318页;24cm.-(太阳鸟文学年选) |
| ISBN 978-7-205-06688-8:CNY35.00 |
| 本书主要内容包括散文带给我们的、国庆观礼记、大地的语言、江苏读本、八百米的故乡、一桥横卧、坐拥千万、被虚拟的行程、火车开进野三关、竹思等。 |
| ● |
| 相关链接 |
|
|
|
正题名:2009中国最佳散文
索取号:I267/W116
 
预约/预借
| 序号 | 登录号 | 条形码 | 馆藏地/架位号 | 状态 | 备注 |
| 1 | 778047 | 207780472 | 文学库116/116文学库 6排6列3层/ [索取号:I267/W116] | 在馆 | |
| 2 | 778048 | 207780481 | 社科二线400B/400B社科库 17排3列3层/ [索取号:I267/W116] | 在馆 | |
| 3 | 778049 | 207780490 | 文学库116/116文学库 6排6列3层/ [索取号:I267/W116] | 在馆 |